000 00902nam a2200265 a 4500
001 BRL_281
005 20190320210653.0
008 220713s1959----mx-ob#####---#000-0#spa-#
041 _aspa
044 _amx
050 4 _aNA757
_b.M39 1959
100 1 _aMaza, Francisco de la
_918838
245 1 0 _aLa ciudad de Cholula y sus iglesias
_cFrancisco de la Maza.
260 _aMéxico
_bUNAM, Instituto de Investigaciones Estéticas
_c1959
300 _a148 p.
_bil., 90 láminas, mapas
_c23 cm.
440 0 _aEstudios y fuentes del arte en México
_vIX
_923447
500 _aIncluye índice de ilustraciones
500 _aAu2344
610 2 4 _aUNAM
_bInstituto de Investigaciones Estéticas
_911430
650 1 4 _aIglesias coloniales
_zCholula, Puebla
_919244
650 1 4 _aArquitectura religiosa
_zPuebla, México
_919245
651 4 _aCholula, Puebla
_xIglesias
_923448
902 _aGRL
942 _2lcc
_cB
999 _c9094
_d9094